<?xml version="1.0" encoding="UTF-8"?>
<record
    xmlns:xsi="http://www.w3.org/2001/XMLSchema-instance"
    xsi:schemaLocation="http://www.loc.gov/MARC21/slim http://www.loc.gov/standards/marcxml/schema/MARC21slim.xsd"
    xmlns="http://www.loc.gov/MARC21/slim">

  <leader>00979nab a2200253uuc4500</leader>
  <controlfield tag="001">1388168</controlfield>
  <controlfield tag="005">20240202120144.0</controlfield>
  <controlfield tag="008">141014e20140105                    spa  </controlfield>
  <datafield tag="035" ind1=" " ind2=" ">
    <subfield code="a">1388168</subfield>
  </datafield>
  <datafield tag="040" ind1=" " ind2=" ">
    <subfield code="c">comduadb</subfield>
  </datafield>
  <datafield tag="041" ind1=" " ind2=" ">
    <subfield code="a">spa</subfield>
  </datafield>
  <datafield tag="100" ind1="1" ind2="0">
    <subfield code="a">Gaborit S., Mauricio</subfield>
    <subfield code="4">aut</subfield>
    <subfield code="e">aut</subfield>
    <subfield code="9">347823</subfield>
  </datafield>
  <datafield tag="245" ind1="1" ind2="0">
    <subfield code="a">Migraci&#xF3;n infantil irregular salvadore&#xF1;a : reflexiones desde la psicolog&#xED;a social</subfield>
  </datafield>
  <datafield tag="650" ind1=" " ind2=" ">
    <subfield code="a">El Salvador - Emigraci&#xF3;n e inmigraci&#xF3;n</subfield>
    <subfield code="9">181351</subfield>
  </datafield>
  <datafield tag="650" ind1=" " ind2=" ">
    <subfield code="a">Estr&#xE9;s en ni&#xF1;os</subfield>
    <subfield code="9">66404</subfield>
  </datafield>
  <datafield tag="650" ind1=" " ind2=" ">
    <subfield code="a">Derechos humanos - El Salvador</subfield>
    <subfield code="9">2449</subfield>
  </datafield>
  <datafield tag="650" ind1=" " ind2=" ">
    <subfield code="a">Psicolog&#xED;a del desarrollo</subfield>
    <subfield code="9">43463</subfield>
  </datafield>
  <datafield tag="650" ind1=" " ind2=" ">
    <subfield code="a">Migrantes salvadore&#xF1;os</subfield>
    <subfield code="9">159110</subfield>
  </datafield>
  <datafield tag="650" ind1=" " ind2=" ">
    <subfield code="a">Salvadore&#xF1;os en Estados Unidos</subfield>
    <subfield code="9">68521</subfield>
  </datafield>
  <datafield tag="700" ind1="1" ind2="0">
    <subfield code="a">Orellana, Carlos Ivan</subfield>
    <subfield code="4">aut</subfield>
    <subfield code="e">aut</subfield>
    <subfield code="9">551768</subfield>
  </datafield>
  <datafield tag="700" ind1="1" ind2="0">
    <subfield code="a">Orellana Sibrian, Rafael</subfield>
    <subfield code="4">aut</subfield>
    <subfield code="e">aut</subfield>
    <subfield code="9">704818</subfield>
  </datafield>
  <datafield tag="773" ind1="0" ind2=" ">
    <subfield code="t">ECA : Estudios Centroamericanos (San Salvador)</subfield>
    <subfield code="g">Volumen 69, N&#xFA;mero 736, Enero-Marzo 2014, 55-89</subfield>
    <subfield code="w">237067</subfield>
    <subfield code="x">0014-1445</subfield>
    <subfield code="0">100495</subfield>
  </datafield>
  <datafield tag="942" ind1=" " ind2=" ">
    <subfield code="c">ARIMP</subfield>
  </datafield>
  <datafield tag="999" ind1=" " ind2=" ">
    <subfield code="c">696574</subfield>
    <subfield code="d">696574</subfield>
  </datafield>
</record>
